[Event "3. Open de Calviá 2006 Aficionados"]
[Site "Calvia ESP"]
[Date "2006.10.16"]
[Round "6.4"]
[White "Voiteanu, Gabriel"]
[Black "Tattersall, Lester"]
[Result "0-1"]
[WhiteElo "2218"]
[BlackElo "2254"]
[PlyCount "106"]
[EventDate "2006.10.20"]
[EventType "swiss"]
[EventRounds "9"]
[EventCountry "ESP"]
[Source "lmi"]
[SourceDate "2006.10.20"]

1. d4 g6 2. c4 Bg7 3. e4 d6 4. Nc3 Nc6 5. d5 Nd4 6. Nce2 e5 7. Nxd4 exd4 8.
Qa4+ Bd7 9. Qb3 Nf6 10. Bg5 c5 11. Bd3 Rb8 12. Nf3 Qa5+ 13. Bd2 Qc7 14. O-O O-O
15. Rfe1 Rfe8 16. Qc2 b5 17. cxb5 Bxb5 18. Bxb5 Rxb5 19. Nxd4 Rb7 20. Nc6 Nd7
21. Bc3 Ne5 22. Bxe5 Bxe5 23. Nxe5 Rxe5 24. f4 Re8 25. Qc3 Qb8 26. Re2 Rb4 27.
Rae1 Rd4 28. g3 Qb5 29. Kf2 Qd7 30. a3 Qb5 31. Re3 h5 32. b3 a5 33. h3 Rb8 34.
e5 dxe5 35. Rxe5 Rd8 36. a4 Qd7 37. Qxc5 Rd2+ 38. R1e2 Rxe2+ 39. Kxe2 Rc8 40.
Qb5 Rc2+ 41. Kd1 Qc7 42. Qd3 Rc1+ 43. Kd2 Qc5 44. d6 Qg1 45. Re2 Rd1+ 46. Kc2
Rxd3 47. Kxd3 Qxg3+ 48. Ke4 Qxh3 49. Rd2 Qf5+ 50. Ke3 Qd7 51. Ke4 Kf8 52. Kd5
Qb7+ 53. Kc5 Qb4+ 0-1

[Event "3. Open de Calviá 2006 Aficionados"]
[Site "Calvia ESP"]
[Date "2006.10.16"]
[Round "6.5"]
[White "Fokin, Sergey"]
[Black "Diogo, Vasco"]
[Result "1/2-1/2"]
[WhiteElo "2157"]
[BlackElo "2220"]
[PlyCount "94"]
[EventDate "2006.10.20"]
[EventType "swiss"]
[EventRounds "9"]
[EventCountry "ESP"]
[Source "lmi"]
[SourceDate "2006.10.20"]

1. d4 d5 2. c4 c6 3. Nf3 Nf6 4. Nc3 a6 5. e3 e6 6. Qc2 Be7 7. g4 dxc4 8. Bxc4
b5 9. Be2 Bb7 10. g5 Nd5 11. e4 Nxc3 12. bxc3 O-O 13. Be3 c5 14. O-O cxd4 15.
cxd4 Nc6 16. Rad1 Rc8 17. Qb1 Na5 18. Rc1 Rxc1 19. Rxc1 Qa8 20. Nd2 Rc8 21.
Rxc8+ Qxc8 22. Nb3 Nxb3 23. axb3 Qc3 24. Bd3 Bb4 25. Qc2 Bc6 26. Qxc3 Bxc3 27.
f3 a5 28. Kf2 a4 29. bxa4 bxa4 30. Bc4 a3 31. d5 exd5 32. exd5 Bb5 33. Ba2 Be5
34. Bc5 Bxh2 35. Bxa3 Bf4 36. Be7 h5 37. gxh6 gxh6 38. d6 Kg7 39. Bd5 Bd7 40.
Be4 Bg5 41. Bxg5 hxg5 42. Ke3 f5 43. Bd5 Kf8 44. Kd4 Ke8 45. Ke5 f4 46. Be4 g4
47. Kxf4 gxf3 1/2-1/2

[Event "3. Open de Calviá 2006 Aficionados"]
[Site "Calvia ESP"]
[Date "2006.10.16"]
[Round "6.6"]
[White "Martin Rodriguez, Emilio"]
[Black "Kozarcanin, Sead"]
[Result "1/2-1/2"]
[WhiteElo "2130"]
[BlackElo "2213"]
[PlyCount "104"]
[EventDate "2006.10.20"]
[EventType "swiss"]
[EventRounds "9"]
[EventCountry "ESP"]
[Source "lmi"]
[SourceDate "2006.10.20"]

1. d4 d5 2. c4 c6 3. Nf3 Nf6 4. Nc3 a6 5. cxd5 cxd5 6. g3 Nc6 7. Bg2 Bf5 8. Ne5
e6 9. O-O Bd6 10. Nxc6 bxc6 11. Bg5 Qb6 12. Bxf6 gxf6 13. e4 dxe4 14. Nxe4 Bxe4
15. Bxe4 f5 16. Bg2 O-O 17. Rc1 Rac8 18. b3 Rfd8 19. Qh5 Bf8 20. Rxc6 Rxc6 21.
Bxc6 Rxd4 22. Be8 Qc7 23. Rd1 Rxd1+ 24. Qxd1 Bd6 25. Qd3 Kf8 26. Ba4 Qb6 27.
Qd2 Be7 28. h4 Kg7 29. Kg2 h6 30. Qe2 Bf6 31. Qf3 Bd4 32. Be8 Kf8 33. Ba4 a5
34. Qe2 Qc5 35. Qd2 Kg7 36. Qe2 Qd5+ 37. Qf3 Qe5 38. Bc6 Qe1 39. Bb5 Kf6 40.
Bc4 Bc5 41. Bd3 Qd2 42. a4 Qc3 43. Bc4 Qd4 44. Be2 e5 45. Bc4 Qe4 46. Qxe4 fxe4
47. Bd5 e3 48. fxe3 Bxe3 49. Kf3 Bd2 50. g4 Be1 51. h5 Bc3 52. Ke4 Bd2 1/2-1/2

[Event "3. Open de Calviá 2006 Aficionados"]
[Site "Calvia ESP"]
[Date "2006.10.16"]
[Round "6.7"]
[White "Uribe Arteaga, Daniel"]
[Black "Moran Rodriguez, Luciano"]
[Result "1-0"]
[WhiteElo "2202"]
[BlackElo "2130"]
[PlyCount "93"]
[EventDate "2006.10.20"]
[EventType "swiss"]
[EventRounds "9"]
[EventCountry "ESP"]
[Source "lmi"]
[SourceDate "2006.10.20"]

1. e4 c6 2. d3 d5 3. Nd2 e5 4. Ngf3 Nd7 5. g3 Ngf6 6. Bg2 dxe4 7. dxe4 Be7 8.
O-O O-O 9. b3 Re8 10. Bb2 Bf8 11. Qe2 Qc7 12. a4 a5 13. Rfd1 Nc5 14. Nc4 Nfd7
15. Bh3 f6 16. Rd2 Nb8 17. Bxc8 Rxc8 18. Bc3 b6 19. Rad1 Nba6 20. g4 Rd8 21. g5
Nb4 22. gxf6 gxf6 23. Bxb4 axb4 24. Kh1 Kh8 25. Nh4 Rxd2 26. Nxd2 Ne6 27. Qg4
Nf4 28. Nc4 Rd8 29. Rg1 Bc5 30. Ne3 Qf7 31. Nhf5 Bxe3 32. fxe3 Ng6 33. h4 Ne7
34. Nh6 Qf8 35. Qh5 Ng6 36. Nf5 Qf7 37. Nh6 Qf8 38. Ng4 Rd6 39. Nh6 Rd8 40. Qf5
Ne7 41. Qh5 Ng6 42. Nf5 Qf7 43. Qf3 Qf8 44. h5 Ne7 45. Nxe7 Qxe7 46. h6 Rg8 47.
Qf5 1-0

[Event "3. Open de Calviá 2006 Aficionados"]
[Site "Calvia ESP"]
[Date "2006.10.16"]
[Round "6.8"]
[White "Hallerod, Ralph"]
[Black "Ruiz Vinals, Matias"]
[Result "1-0"]
[WhiteElo "2180"]
[BlackElo "2030"]
[PlyCount "137"]
[EventDate "2006.10.20"]
[EventType "swiss"]
[EventRounds "9"]
[EventCountry "ESP"]
[Source "lmi"]
[SourceDate "2006.10.20"]

1. Nf3 d5 2. g3 Nf6 3. Bg2 g6 4. O-O Bg7 5. b3 Ne4 6. c3 O-O 7. Qc2 Nc6 8. Bb2
e5 9. c4 Nb4 10. Qc1 d4 11. Nxe5 Nxg3 12. hxg3 Bxe5 13. a3 Nc6 14. d3 Bg4 15.
Re1 h5 16. Nd2 h4 17. Nf1 hxg3 18. f4 Bg7 19. Nxg3 Qh4 20. Kf2 Rae8 21. Bxd4
Bxd4+ 22. e3 Bg7 23. Ra2 Bf5 24. Rh1 Qf6 25. Qg1 g5 26. Nxf5 Qxf5 27. Be4 Rxe4
28. dxe4 Qxe4 29. Qb1 Qxb1 30. Rxb1 gxf4 31. exf4 Bd4+ 32. Kf3 Kg7 33. Rd1 Rh8
34. b4 Bf6 35. Rg2+ Kf8 36. Rd7 Rh3+ 37. Rg3 Nd4+ 38. Kg2 Rxg3+ 39. Kxg3 Ne6
40. f5 Nd4 41. Kf4 Nc2 42. Rxc7 Nxa3 43. Ke4 a6 44. Kd3 b5 45. c5 Nc4 46. Ra7
Nb2+ 47. Ke4 Bc3 48. c6 Nc4 49. Rxa6 Ke7 50. Kd5 Kd8 51. Kc5 Ne5 52. Kxb5 Bd4
53. Ka4 Kc7 54. b5 Nc4 55. Kb4 Ne3 56. f6 Bb6 57. Ra8 Nd5+ 58. Kc4 Nxf6 59. Rf8
Ne4 60. Rxf7+ Kc8 61. Kb4 Nd6 62. Rd7 Ne4 63. Rb7 Bd8 64. b6 Nf6 65. Kb5 Ne4
66. Rd7 Bg5 67. Rg7 Nd6+ 68. Ka6 Bd8 69. Rg8 1-0

[Event "3. Open de Calviá 2006 Aficionados"]
[Site "Calvia ESP"]
[Date "2006.10.16"]
[Round "6.9"]
[White "Luijpen, Michiel"]
[Black "Hutchinson, Paul A"]
[Result "0-1"]
[WhiteElo "2126"]
[BlackElo "2178"]
[PlyCount "91"]
[EventDate "2006.10.20"]
[EventType "swiss"]
[EventRounds "9"]
[EventCountry "ESP"]
[Source "lmi"]
[SourceDate "2006.10.20"]

1. e4 d5 2. exd5 Qxd5 3. Nc3 Qa5 4. d4 Nf6 5. Nf3 c6 6. Bc4 Bf5 7. Bd2 e6 8.
Nd5 Qd8 9. Nxf6+ Qxf6 10. Qe2 Bg4 11. c3 Be7 12. h3 Bxf3 13. gxf3 Nd7 14. O-O-O
O-O-O 15. Rhg1 h6 16. Rg4 Bd6 17. Bb3 g6 18. Be3 Bb8 19. c4 Qe7 20. Kb1 g5 21.
Rgg1 Nb6 22. a3 Bc7 23. Qc2 Kb8 24. Rge1 Qf6 25. Qe4 Rhe8 26. Ka2 Nc8 27. Qg4
Ne7 28. Rd3 Qg6 29. Red1 Rd7 30. d5 Red8 31. Qe4 f5 32. Qd4 b6 33. Qc3 f4 34.
Bc1 exd5 35. cxd5 Nxd5 36. Bxd5 Rxd5 37. Rxd5 cxd5 38. Qb3 Qc6 39. Bd2 d4 40.
Bb4 Kb7 41. Qd3 a5 42. Be1 b5 43. Qe4 Bb6 44. Rd3 Re8 45. Qxc6+ Kxc6 46. Kb1
0-1

[Event "3. Open de Calviá 2006 Aficionados"]
[Site "Calvia ESP"]
[Date "2006.10.16"]
[Round "6.10"]
[White "Van Hoolandt, Patrick"]
[Black "Sarto Ramos, Angel"]
[Result "1/2-1/2"]
[WhiteElo "2282"]
[BlackElo "2069"]
[PlyCount "127"]
[EventDate "2006.10.20"]
[EventType "swiss"]
[EventRounds "9"]
[EventCountry "ESP"]
[Source "lmi"]
[SourceDate "2006.10.20"]

1. d4 g6 2. c4 c5 3. d5 d6 4. Nc3 Bg7 5. e4 e5 6. Bd3 a6 7. h3 Ne7 8. Nf3 f5 9.
Ng5 h6 10. Ne6 Bxe6 11. dxe6 f4 12. Nd5 Nbc6 13. Bd2 O-O 14. Rb1 Nd4 15. b4
Nxe6 16. Qg4 Nd4 17. bxc5 h5 18. Qg5 Nxd5 19. Qxd8 Raxd8 20. cxd5 dxc5 21. Rxb7
Rb8 22. Rxb8 Rxb8 23. O-O Rb2 24. Ba5 Kf8 25. Bc7 Ke8 26. Bd6 c4 27. Bxc4 Kd7
28. Ba3 Rc2 29. Rc1 Ne2+ 30. Bxe2 Rxe2 31. d6 Bf6 32. Rc7+ Ke6 33. d7 Bd8 34.
Rc6+ Kxd7 35. Rd6+ Kc7 36. Rxa6 Rxe4 37. Rxg6 Re1+ 38. Kh2 Re2 39. Bc5 Bh4 40.
a4 Bxf2 41. Bxf2 Rxf2 42. Kg1 Re2 43. Kf1 Re3 44. Rh6 Ra3 45. Re6 Re3 46. a5
Kb7 47. Kf2 h4 48. Rh6 Ka7 49. a6 Ra3 50. Rf6 Re3 51. Re6 Ka8 52. Rh6 Ka7 53.
Re6 Ka8 54. Re7 Kb8 55. Rb7+ Ka8 56. Rh7 Ra3 57. Rxh4 Rxa6 58. Kf3 Ra3+ 59. Ke4
Re3+ 60. Kd5 Kb7 61. Rh5 e4 62. Rf5 f3 63. gxf3 Rxf3 64. Kxe4 1/2-1/2

[Event "3. Open de Calviá 2006 Aficionados"]
[Site "Calvia ESP"]
[Date "2006.10.16"]
[Round "6.11"]
[White "Fogel, Pierre"]
[Black "Kuenitz, Michael"]
[Result "1-0"]
[WhiteElo "2202"]
[BlackElo "1816"]
[PlyCount "39"]
[EventDate "2006.10.20"]
[EventType "swiss"]
[EventRounds "9"]
[EventCountry "ESP"]
[Source "lmi"]
[SourceDate "2006.10.20"]

1. d4 d5 2. c4 e6 3. Nc3 c6 4. e3 Nf6 5. Nf3 Be7 6. Qc2 Nbd7 7. b3 O-O 8. Be2
Qc7 9. Bb2 dxc4 10. bxc4 Nb6 11. O-O c5 12. Rfd1 cxd4 13. Nb5 Qb8 14. exd4 Bd7
15. Nc3 Qc7 16. Qb3 Rac8 17. Rac1 Rfd8 18. Ne5 Bd6 19. c5 Bxe5 20. dxe5 1-0

[Event "3. Open de Calviá 2006 Aficionados"]
[Site "Calvia ESP"]
[Date "2006.10.16"]
[Round "6.12"]
[White "Rhein, Klaus"]
[Black "Vazquez Gonzalez, Jesus"]
[Result "1-0"]
[WhiteElo "2082"]
[BlackElo "2185"]
[PlyCount "79"]
[EventDate "2006.10.20"]
[EventType "swiss"]
[EventRounds "9"]
[EventCountry "ESP"]
[Source "lmi"]
[SourceDate "2006.10.20"]

1. e4 c6 2. d4 g6 3. Nc3 Bg7 4. f4 d5 5. e5 Nh6 6. h3 O-O 7. Be3 f6 8. Nf3 Nd7
9. Bd3 e6 10. Qe2 Nf5 11. Bf2 fxe5 12. fxe5 b5 13. g4 Nh6 14. O-O Bb7 15. Bh4
Qb6 16. Qe3 Nf7 17. Bf2 Rac8 18. b4 Nh6 19. Ne2 Nf7 20. g5 Qd8 21. h4 Qe7 22.
c3 Nh8 23. Nh2 Rf7 24. Ng4 Nb6 25. Nf6+ Bxf6 26. gxf6 Qe8 27. Kh2 Nc4 28. Qg5
Rd7 29. Rg1 Rcc7 30. Rg3 h6 31. Qxh6 Rh7 32. Qf4 Kf7 33. Rag1 Qg8 34. Bxg6+
Nxg6 35. Rxg6 Qxg6 36. Rxg6 Kxg6 37. Qg4+ Kf7 38. Nf4 Bc8 39. Ng6 Nd2 40. Ne7
1-0

[Event "3. Open de Calviá 2006 Aficionados"]
[Site "Calvia ESP"]
[Date "2006.10.16"]
[Round "6.13"]
[White "Rautanen, Sari"]
[Black "Galvao, Henrique"]
[Result "0-1"]
[WhiteElo "1925"]
[BlackElo "2181"]
[PlyCount "54"]
[EventDate "2006.10.20"]
[EventType "swiss"]
[EventRounds "9"]
[EventCountry "ESP"]
[Source "lmi"]
[SourceDate "2006.10.20"]

1. Nf3 c5 2. e4 Nc6 3. d3 g6 4. g3 Bg7 5. Bg2 Nf6 6. O-O d6 7. Re1 O-O 8. c3
Bg4 9. h3 Bd7 10. Na3 Rb8 11. d4 b5 12. dxc5 b4 13. cxb4 Rxb4 14. e5 Nxe5 15.
Nxe5 dxe5 16. Bd2 Rd4 17. Qe2 Bg4 18. hxg4 Rxd2 19. Qf3 e4 20. Qf4 e5 21. Qxe5
Nxg4 22. Qxe4 Nxf2 23. Qb7 Rxb2 24. Qxa7 Qd2 25. Kh2 Qh6+ 26. Kg1 Qh1+ 27. Bxh1
Nh3+ 0-1

[Event "3. Open de Calviá 2006 Aficionados"]
[Site "Calvia ESP"]
[Date "2006.10.16"]
[Round "6.15"]
[White "De La Barrera M, Eduardo"]
[Black "Kitchlew, Andrew"]
[Result "0-1"]
[WhiteElo "2077"]
[BlackElo "2107"]
[PlyCount "88"]
[EventDate "2006.10.20"]
[EventType "swiss"]
[EventRounds "9"]
[EventCountry "ESP"]
[Source "lmi"]
[SourceDate "2006.10.20"]

1. e4 d6 2. f4 Nf6 3. d3 Bg4 4. Be2 h5 5. e5 dxe5 6. fxe5 Nfd7 7. Nf3 Nc6 8. d4
e6 9. O-O Bxf3 10. Bxf3 Nxd4 11. Bxb7 Rb8 12. c3 Nf5 13. Bc6 h4 14. b4 f6 15.
Rxf5 exf5 16. e6 Bd6 17. exd7+ Kf8 18. Be3 h3 19. Bxa7 hxg2 20. Bxb8 Rxh2 21.
Qxd6+ cxd6 22. Bxd6+ Kf7 23. Bd5+ Kg6 24. Bxh2 Qxd7 25. c4 Qe7 26. b5 Qe1+ 27.
Kxg2 Qe2+ 28. Kg1 Qd1+ 29. Kf2 Qc2+ 30. Ke3 Qxh2 31. Nc3 f4+ 32. Kd4 Qd2+ 33.
Kc5 Qxc3 34. Rg1+ Kf5 35. Kc6 Qe3 36. Rxg7 f3 37. b6 Qe8+ 38. Rd7 f2 39. Bg2
Ke6 40. Bd5+ Ke5 41. Bg2 Qe6+ 42. Kc7 Qxc4+ 43. Kb7 Qg4 44. Rd5+ Ke6 0-1

[Event "3. Open de Calviá 2006 Aficionados"]
[Site "Calvia ESP"]
[Date "2006.10.16"]
[Round "6.16"]
[White "Feiguelman, Boris Dr"]
[Black "Veras Sanz, Jose Antonio"]
[Result "1/2-1/2"]
[WhiteElo "2092"]
[BlackElo "1663"]
[PlyCount "34"]
[EventDate "2006.10.20"]
[EventType "swiss"]
[EventRounds "9"]
[EventCountry "ESP"]
[Source "lmi"]
[SourceDate "2006.10.20"]

1. e4 d6 2. f4 Nf6 3. Nc3 g6 4. d4 Bg7 5. Nf3 O-O 6. Be2 c5 7. dxc5 Qa5 8. Bd2
Qxc5 9. Bd3 Nc6 10. Qe2 Bg4 11. Qe3 Qxe3+ 12. Bxe3 Nb4 13. O-O Nxd3 14. cxd3
Bxf3 15. Rxf3 Ng4 16. Bf2 Nxf2 17. Kxf2 Rac8 1/2-1/2

[Event "3. Open de Calviá 2006 Aficionados"]
[Site "Calvia ESP"]
[Date "2006.10.16"]
[Round "6.17"]
[White "Pascual Genoves, Marc"]
[Black "Tanco Salas, Jesus Mara"]
[Result "1-0"]
[WhiteElo "2206"]
[BlackElo "1995"]
[PlyCount "47"]
[EventDate "2006.10.20"]
[EventType "swiss"]
[EventRounds "9"]
[EventCountry "ESP"]
[Source "lmi"]
[SourceDate "2006.10.20"]

1. e4 c6 2. d4 d5 3. exd5 cxd5 4. c4 dxc4 5. Bxc4 Qc7 6. Qb3 Be6 7. Na3 Bxc4 8.
Nxc4 e6 9. Ne2 Nf6 10. Bf4 Qc6 11. O-O b5 12. Ne5 Qd5 13. Qd3 Nc6 14. Nc3 Nxe5
15. Bxe5 Qc4 16. Qf3 Nd5 17. Rac1 Rd8 18. Ne4 Qb4 19. a3 Qxb2 20. Ng5 f6 21.
Nxe6 Rd7 22. Rc8+ Kf7 23. Qf5 Nb6 24. Ng5+ 1-0

[Event "3. Open de Calviá 2006 Aficionados"]
[Site "Calvia ESP"]
[Date "2006.10.16"]
[Round "6.18"]
[White "Martinez Vicario, Jose Maria"]
[Black "Galiana, Juan Ramon"]
[Result "1/2-1/2"]
[WhiteElo "2051"]
[BlackElo "2291"]
[PlyCount "75"]
[EventDate "2006.10.20"]
[EventType "swiss"]
[EventRounds "9"]
[EventCountry "ESP"]
[Source "lmi"]
[SourceDate "2006.10.20"]

1. e4 e6 2. Nc3 d5 3. exd5 exd5 4. d4 Nf6 5. Nf3 Be7 6. Bf4 c6 7. Be2 Qb6 8.
Rb1 O-O 9. O-O Bf5 10. Nh4 Bg6 11. Bf3 Nbd7 12. Re1 Rfe8 13. Nxg6 hxg6 14. Qd3
Bf8 15. g4 Rxe1+ 16. Rxe1 Re8 17. Rd1 Bb4 18. g5 Nh7 19. h4 Qd8 20. Ne2 Nb6 21.
b3 Bd6 22. Bg3 Bxg3 23. fxg3 Qe7 24. Nf4 Qb4 25. Kf2 Qa3 26. h5 Nxg5 27. hxg6
f6 28. Rh1 Nc8 29. Nxd5 Nd6 30. Nf4 Qxa2 31. d5 c5 32. Bg4 Nge4+ 33. Kg2 f5 34.
Bd1 Qb2 35. Ne6 Qc3 36. Qxc3 Nxc3 37. Bf3 b6 38. Re1 1/2-1/2

[Event "3. Open de Calviá 2006 Aficionados"]
[Site "Calvia ESP"]
[Date "2006.10.16"]
[Round "6.19"]
[White "Niculae, Alexandru"]
[Black "Astorga Talavera, Juan Manuel"]
[Result "1-0"]
[WhiteElo "2110"]
[BlackElo "1974"]
[PlyCount "53"]
[EventDate "2006.10.20"]
[EventType "swiss"]
[EventRounds "9"]
[EventCountry "ESP"]
[Source "lmi"]
[SourceDate "2006.10.20"]

1. d4 d5 2. c4 c6 3. Nc3 Nf6 4. Nf3 e6 5. Bg5 Be7 6. e3 Nbd7 7. Bd3 dxc4 8.
Bxc4 b5 9. Bd3 Bb7 10. O-O a6 11. Bxf6 gxf6 12. e4 Rc8 13. a3 e5 14. dxe5 fxe5
15. Bc2 Bf6 16. Qe2 Qe7 17. Rad1 Nf8 18. Bb3 Ne6 19. Bxe6 Qxe6 20. Qe3 O-O 21.
Ne2 Kh8 22. Ng3 c5 23. Rd2 Rfd8 24. Rfd1 c4 25. Nf5 Rxd2 26. Rxd2 Rd8 27. Qh6
1-0

[Event "3. Open de Calviá 2006 Aficionados"]
[Site "Calvia ESP"]
[Date "2006.10.16"]
[Round "6.20"]
[White "Mercant Simon, Jaume"]
[Black "Moreno Garcia, Alfonso"]
[Result "1/2-1/2"]
[WhiteElo "2108"]
[BlackElo "1988"]
[PlyCount "127"]
[EventDate "2006.10.20"]
[EventType "swiss"]
[EventRounds "9"]
[EventCountry "ESP"]
[Source "lmi"]
[SourceDate "2006.10.20"]

1. e4 e5 2. Nf3 Nc6 3. Bb5 a6 4. Ba4 Nf6 5. O-O Be7 6. Re1 b5 7. Bb3 O-O 8. c3
d6 9. h3 Na5 10. Bc2 c5 11. d4 Qc7 12. d5 Kh8 13. Nbd2 g6 14. b3 Bd7 15. Nf1
Ng8 16. Ng3 Qd8 17. a4 Nb7 18. axb5 axb5 19. Bb2 Bf6 20. b4 c4 21. Qd2 Qb6 22.
Reb1 Rfb8 23. h4 Qd8 24. h5 Rxa1 25. Rxa1 Ra8 26. Rxa8 Qxa8 27. hxg6 hxg6 28.
Qc1 Kg7 29. Qa1 Qxa1+ 30. Bxa1 Bd8 31. Bb2 Ne7 32. Bc1 Bb6 33. Nf1 Nd8 34. Be3
Bxe3 35. Nxe3 f5 36. Nd2 Kf6 37. f3 f4 38. Nef1 Nf7 39. Kf2 g5 40. Bd1 Nc8 41.
Be2 Nb6 42. Bd1 Nh6 43. Nh2 Kg6 44. g4 fxg3+ 45. Kxg3 Kf6 46. Ng4+ Nxg4 47.
fxg4 Ke7 48. Nb1 Kd8 49. Na3 Nc8 50. Nb1 Ke7 51. Nd2 Kf6 52. Nf1 Ne7 53. Ne3
Kg6 54. Be2 Nc8 55. Kf3 Kf6 56. Kg3 Nb6 57. Bd1 Be8 58. Nf5 Nc8 59. Ne3 Bg6 60.
Kf3 Kg7 61. Be2 Nb6 62. Bd1 Nd7 63. Bc2 Nf6 64. Bb1 1/2-1/2

[Event "3. Open de Calviá 2006 Aficionados"]
[Site "Calvia ESP"]
[Date "2006.10.17"]
[Round "7.1"]
[White "Lacrosse, Marc"]
[Black "Tattersall, Lester"]
[Result "1/2-1/2"]
[WhiteElo "2238"]
[BlackElo "2254"]
[PlyCount "87"]
[EventDate "2006.10.20"]
[EventType "swiss"]
[EventRounds "9"]
[EventCountry "ESP"]
[Source "lmi"]
[SourceDate "2006.10.20"]

1. d4 g6 2. c4 Bg7 3. e4 d6 4. Nc3 Nf6 5. Nf3 O-O 6. Be2 Nbd7 7. O-O e5 8. Be3
c6 9. d5 cxd5 10. cxd5 Ng4 11. Bg5 f6 12. Bd2 Nh6 13. Rc1 a6 14. Qc2 b5 15. b4
Nf7 16. a4 bxa4 17. Nxa4 Nb6 18. Nxb6 Qxb6 19. Qa4 f5 20. Ng5 Nd8 21. Bc4 Bh6
22. Be3 Qb7 23. Ne6 Bxe3 24. fxe3 Nxe6 25. dxe6 Qe7 26. Bd5 Ra7 27. exf5 gxf5
28. b5 Bxe6 29. b6 Bxd5 30. bxa7 Qxa7 31. Qa3 Rf6 32. Rc8+ Kg7 33. Qc3 Kg6 34.
Kh1 Be4 35. Rg8+ Kf7 36. Qc8 Rg6 37. Qf8+ Ke6 38. Qe8+ Kf6 39. Qd8+ Qe7 40.
Rf8+ Ke6 41. Qc8+ Qd7 42. Re8+ Kf6 43. Rf8+ Ke6 44. Re8+ 1/2-1/2

[Event "3. Open de Calviá 2006 Aficionados"]
[Site "Calvia ESP"]
[Date "2006.10.17"]
[Round "7.2"]
[White "Vrban, Mladen"]
[Black "Fokin, Sergey"]
[Result "1-0"]
[WhiteElo "2297"]
[BlackElo "2157"]
[PlyCount "79"]
[EventDate "2006.10.20"]
[EventType "swiss"]
[EventRounds "9"]
[EventCountry "ESP"]
[Source "lmi"]
[SourceDate "2006.10.20"]

1. f4 d5 2. g3 g6 3. Bg2 Bg7 4. c3 Nf6 5. Nh3 h5 6. Nf2 h4 7. d4 c6 8. e3 hxg3
9. hxg3 Rxh1+ 10. Bxh1 Be6 11. Nd2 Na6 12. Bf3 Qb6 13. b4 Nc7 14. Nb3 Nb5 15.
Bd2 Nd6 16. a4 Qc7 17. Nc5 Bd7 18. a5 O-O-O 19. g4 Rh8 20. g5 Nfe8 21. Bg4 Bf5
22. Qf3 e6 23. Qg2 Nc4 24. Be2 Ned6 25. Bc1 Kd8 26. Qf1 b6 27. axb6 axb6 28. e4
bxc5 29. exf5 Nxf5 30. Bxc4 cxd4 31. Bd3 Ne3 32. Qe2 Ng2+ 33. Kd1 Nxf4 34. Bxf4
Qxf4 35. Ra8+ Ke7 36. Ra7+ Kd6 37. c4 c5 38. bxc5+ Kxc5 39. cxd5 Kxd5 40. Qa2+
1-0

[Event "3. Open de Calviá 2006 Aficionados"]
[Site "Calvia ESP"]
[Date "2006.10.17"]
[Round "7.3"]
[White "Barcelo, Pedro"]
[Black "Babataeva, Indira"]
[Result "1/2-1/2"]
[WhiteElo "2261"]
[BlackElo "2194"]
[PlyCount "90"]
[EventDate "2006.10.20"]
[EventType "swiss"]
[EventRounds "9"]
[EventCountry "ESP"]
[Source "lmi"]
[SourceDate "2006.10.20"]

1. Nf3 Nf6 2. c4 g6 3. g3 Bg7 4. Bg2 O-O 5. O-O d6 6. d4 Nbd7 7. Nc3 e5 8. Qc2
Re8 9. Rd1 exd4 10. Nxd4 a5 11. b3 Nc5 12. Bb2 Qe7 13. Rac1 c6 14. e4 Bg4 15.
f3 Bh6 16. Rb1 Be3+ 17. Kh1 Bd7 18. a3 Nh5 19. Nce2 Bh6 20. b4 axb4 21. axb4
Na6 22. Qb3 Bg7 23. Nc2 Be6 24. Bxg7 Nxg7 25. Qc3 Rad8 26. Nf4 Bc8 27. Ne3 h5
28. h4 Qe5 29. Qxe5 dxe5 30. Nd3 Nc7 31. f4 exf4 32. Nxf4 Nge6 33. Nxe6 Bxe6
34. c5 Nb5 35. Rxd8 Rxd8 36. Rd1 Rxd1+ 37. Nxd1 Nd4 38. Ne3 Kg7 39. e5 Kf8 40.
Kg1 Ke7 41. Kf2 Bb3 42. Bh3 Be6 43. Bf1 Bb3 44. Bh3 Be6 45. Bf1 Bb3 1/2-1/2

[Event "3. Open de Calviá 2006 Aficionados"]
[Site "Calvia ESP"]
[Date "2006.10.17"]
[Round "7.4"]
[White "Skorna, Ullrich"]
[Black "Ehsan, Ali"]
[Result "1/2-1/2"]
[WhiteElo "2098"]
[BlackElo "2236"]
[PlyCount "114"]
[EventDate "2006.10.20"]
[EventType "swiss"]
[EventRounds "9"]
[EventCountry "ESP"]
[Source "lmi"]
[SourceDate "2006.10.20"]

1. e4 c5 2. b3 b6 3. Bb2 Bb7 4. Qe2 Nc6 5. Nf3 e6 6. d4 cxd4 7. Nxd4 Qf6 8. c3
Bc5 9. Nxc6 Bxc6 10. b4 Bd6 11. g3 Qg6 12. Bg2 Ne7 13. O-O O-O 14. e5 Bc7 15.
c4 d6 16. Bxc6 Nxc6 17. exd6 Bxd6 18. a3 Rac8 19. Nd2 Rfd8 20. Rac1 Bf4 21.
Rfd1 h6 22. Kf1 Bxd2 23. Rxd2 Rxd2 24. Qxd2 Qe4 25. Kg1 Rd8 26. Qc2 Qf3 27. Qc3
Qxc3 28. Bxc3 f6 29. f4 Kf7 30. Kf2 g5 31. b5 Ne7 32. Bb4 gxf4 33. gxf4 Rd4 34.
Kf3 Ng6 35. c5 bxc5 36. Rxc5 Nxf4 37. Rc7+ Kg6 38. Rxa7 Nd5 39. Bc5 Rc4 40. Bf2
Kf5 41. b6 Rc3+ 42. Ke2 Rb3 43. b7 e5 44. a4 Nc3+ 45. Kf1 Nxa4 46. Rxa4 Rxb7
47. Kg2 h5 48. Ra6 Rb4 49. h3 Rb2 50. Kf3 e4+ 51. Ke3 Rb3+ 52. Ke2 Rxh3 53. Bd4
Rh2+ 54. Kf1 Rd2 55. Rxf6+ Kg5 56. Rd6 Kf5 57. Ke1 Ra2 1/2-1/2

[Event "3. Open de Calviá 2006 Aficionados"]
[Site "Calvia ESP"]
[Date "2006.10.17"]
[Round "7.5"]
[White "Hutchinson, Paul A"]
[Black "Uribe Arteaga, Daniel"]
[Result "0-1"]
[WhiteElo "2178"]
[BlackElo "2202"]
[PlyCount "94"]
[EventDate "2006.10.20"]
[EventType "swiss"]
[EventRounds "9"]
[EventCountry "ESP"]
[Source "lmi"]
[SourceDate "2006.10.20"]

1. d4 Nf6 2. Nf3 e6 3. c3 b6 4. Bf4 Bb7 5. Nbd2 Be7 6. h3 O-O 7. e3 c5 8. Bd3
d6 9. Qe2 Nc6 10. O-O Qc7 11. Bh2 Rac8 12. Rfe1 Rfe8 13. Rad1 Bf8 14. Ne4 Nxe4
15. Bxe4 g6 16. Bb1 e5 17. d5 Nb8 18. e4 Bh6 19. g4 c4 20. g5 Bg7 21. Nd2 b5
22. Nf1 Nd7 23. Ne3 a5 24. Qg4 Nb6 25. Bc2 b4 26. h4 Qc5 27. Qf3 Rb8 28. Ng4
Qc7 29. Qg3 Qd8 30. f4 exf4 31. Qxf4 bxc3 32. bxc3 Bc8 33. Nf6+ Bxf6 34. gxf6
Re5 35. Re3 Nd7 36. Rf3 Rb2 37. Bb1 Qb6+ 38. Re3 Rxb1 39. Rxb1 Qxb1+ 40. Qf1
Qxf1+ 41. Kxf1 Re8 42. Bxd6 Nxf6 43. e5 Nxd5 44. Rg3 Bf5 45. Kf2 h5 46. a3 Rc8
47. Ke2 Rc6 0-1

[Event "3. Open de Calviá 2006 Aficionados"]
[Site "Calvia ESP"]
[Date "2006.10.17"]
[Round "7.6"]
[White "Voiteanu, Gabriel"]
[Black "Hallerod, Ralph"]
[Result "1-0"]
[WhiteElo "2218"]
[BlackElo "2180"]
[PlyCount "81"]
[EventDate "2006.10.20"]
[EventType "swiss"]
[EventRounds "9"]
[EventCountry "ESP"]
[Source "lmi"]
[SourceDate "2006.10.20"]

1. d4 Nf6 2. c4 e6 3. Nf3 Bb4+ 4. Bd2 a5 5. Qc2 d5 6. g3 O-O 7. Bg2 b6 8. O-O
Bxd2 9. Nbxd2 Bb7 10. Rac1 Na6 11. c5 bxc5 12. dxc5 Nb4 13. Qb1 Nc6 14. Rfd1 e5
15. Nc4 Re8 16. Ne1 Nd4 17. Rd2 Ba6 18. e3 Rb8 19. Nxe5 Nb3 20. axb3 Rxe5 21.
Nf3 Rh5 22. Nd4 Qe8 23. Qa2 Ng4 24. Bf3 Bc8 25. Qxa5 Rh6 26. Bxg4 Bxg4 27. Qxc7
Rf6 28. c6 h5 29. h4 Rc8 30. Qa5 Qe4 31. Kh2 g5 32. hxg5 Rg6 33. Qc3 h4 34.
gxh4 Bf3 35. Nxf3 Qxf3 36. Qe5 Qh5 37. Rd4 Qe2 38. Rf4 Re6 39. Qf5 Rc7 40. Qxd5
Kg7 41. b4 1-0